00217nam a2200085Ia 4500008004100000020001800041082001100059100003500070245002600105220714s9999 xx 000 0 und d a0 86812 395 1 aAF VAN a Van der Westhuizen, Vincent  0aDIE PRYS VAN N LIEFDE